000 00401nam a2200157Ia 4500
008 230917s9999||||xx |||||||||||||| ||und||
040 _e228863
_aMAIN
041 _aEnglish
082 _a006.7 P215P(2)
100 _aParekh, Ranjan
245 0 _aPrinciples of multimedia
250 _a2nd ed.
260 _aNew Delhi
_bMcGraw Hill Education (India)
_c2015
300 _axxvi, 825 p.
942 _cBK
999 _c180267
_d180267